MARC

LEADER 00000nab a2200000 a 4500
001 vtls000112468
003 SK-MaSNL
005 20260304234102.0
008 250423c1982 xo 0 slo
015 |a SNBRB19rr/mm-uuuuu 
035 |a CL0122571 
035 |a urn:nbn:sk:snk-abdl3x 
035 |a (urnnbn)urn:nbn:sk:snk:ar-000uv6 
035 |a (uuid)8838a582-b185-41be-bfb7-b5e487ccea05 
040 |a SNKBUCL  |b slo  |c SNKBUCL  |e AACR2 
041 0 |a slo 
044 |a xo  |c SK 
080 |a 82:08:885.4  |2 1981 
080 |a 08  |2 1981 
080 |a 885.4  |2 1981 
100 1 |a Maťašík, Andrej,  |d 1953-2017  |4 aut  |9 102086 
245 1 0 |a Dramaturgický pozorník  |c A. Maťašík 
610 2 7 |a Slovenská literárna agentúra  |2 snkbucl  |9 184086 
650 0 7 |a vydavateľstvá slovenské  |2 snkbucl  |9 922208 
655 7 |a články z novín a časopisov  |2 snkbucl  |9 267496 
655 7 |a články z odboru literárna veda a krásna literatúra  |2 snkbucl  |9 770045 
773 0 |t Javisko  |g Roč. 14, č. 1 (1982), s. 16 
850 |a Slovenská národná knižnica 
852 |a Slovenská národná knižnica 
954 |a odborná, vedecká literatúra pôvodná (slovenská)  |2 lita 
958 |a article19 
958 |a OND 
958 |a RK 
958 |a LX 
958 |a EUIPO 
992 |a RBX 
999 |c 3202008  |d 3203938